Conocimiento Objetivo: Un Enfoque Evolucionista /

Conjunto de artículos que componen una exposición sobre una teoría del conocimiento equiparada y sustentada en el proceso de la evolución biológica.

Uloženo v:
Podrobná bibliografie
Hlavní autor: Popper, Karl R. (autor)
Médium: Kniha
Jazyk:španělština
Vydáno: Madrid, España : Tecnos, 1988
Vydání:3a edición
Témata:
Tagy: Přidat tag
Žádné tagy, Buďte první, kdo vytvoří štítek k tomuto záznamu!

MARC

LEADER 00000nam^a2200000^a^4500
001 000024881
005 20250521000000.0
009 20260310084630.583
020 |a 84-309-0488-3 
037 |a Acervo ITESO - Biblioteca 
041 |a ESP 
082 |a 121.  |b POP 
100 |a Popper, Karl R.  |e (autor) 
245 1 0 |a Conocimiento Objetivo: Un Enfoque Evolucionista /  |c K.R. Popper; tr. por: Carlos Solís Santos. 
250 |a 3a edición 
264 1 |a Madrid, España :  |b Tecnos,  |c 1988 
300 |a 342 p. 
336 |a texto  |b txt  |2 rdacontenido 
337 |a sin mediación  |b n  |2 rdamedio 
338 |a volumen  |b nc  |2 rdasoporte 
500 |a Traducción de: Objective Knowledge 
520 |a Conjunto de artículos que componen una exposición sobre una teoría del conocimiento equiparada y sustentada en el proceso de la evolución biológica. 
649 |a XX 
650 |a Epistemología 
650 |a Epistemología 
910 |a Fondo General 
920 |a Impresos - Libros 
930 |a Colección General 
905 |a 101 
901 |a 0248810100  |b IT1  |c ACC  |i 024881  |u 20250521 
902 |a https://opac.biblio.iteso.mx/vufind/Record/000024881